Canadian Family Law

Detalles Bibliográficos
Autor principal: Payne, Julien D.
Otros Autores: Payne, Marilyn A.
Formato: eBook
Lenguaje:inglés
Publicado: Toronto: Irwin Law Inc., 2008
Edición:Tercera Edicin̤
Materias:
Acceso en línea:Acceso restringido

MARC

LEADER 00000nam a22000007a 4500
005 2021090204394.0
007 cr|||| ||||
008 210902s2008 ca |||||s|||| 00||0 eng d
020 |a 9781459336469 
035 |a 35354 
040 |a vLex 
090 |c 12214  |d 12214 
100 1 |a Payne, Julien D. 
245 1 0 |a Canadian Family Law  |h [Recurso electrn̤ico] /  |c Julien D. Payne, Marilyn A. Payne 
250 |a Tercera Edicin̤ 
256 |a Servicio en ln̕ea 
260 |a Toronto:  |b Irwin Law Inc.,  |c 2008 
300 |a 1 recurso electrn̤ico 
506 1 |a Disponible solo en los productos indicados  |d vLex Global  |d vLex Global (Academic Edition, excluding Law Schools)  |d vLex Global (U.S. Academic Edition, Law Schools)  |d vLex Global (U.S. Academic Edition, excluding Law Schools)  |d vLex Global (Academic Edition, Law Schools) 
650 0 4 |a Derecho Comunitario  |z Canad̀ 
700 1 |a Payne, Marilyn A. 
740 0 |a vLex Libros (Servicio en ln̕ea) 
856 4 0 |u https://app.vlex.com/#/sources/35354  |z Acceso restringido 
942 |c BOOK 
999 0 |a Community Law